000 00749cab a2200241 4500
001 WB3342-39
008 090401t1997 xxu||||| |||| 00| 0 eng d
035 _a(Sirsi) u81695
041 _aeng
245 _aFaster conveyancing
260 _c1997
350 _a0
490 _aDaily Telegraph
_v25 October 1997, B7(1)
520 _aEversheds, solicitors, has joined forces with Hambro Countrywide to provide a fast telephone-based service, seven days a week, 12 hours a day.
650 _aCONVEYANCING FACTORIES
650 _aCONVEYANCING SERVICES
650 _aESTATE AGENTS
650 _aONE STOP SHOP
650 _aSOLICITORS
690 _aMANAGEMENT-BUSINESS MANAGEMENT-PROFESSIONAL PRACTICE
942 _n0
948 _c28/10/1997
999 _c51499
_d51499